Torschützenliste der Ligue 1 2010-2011 - Statistiken

Allgemein
  • Dieses Quiz wurde 8 mal gespielt
  • Das Durchschnittsergebnis liegt bei 3 aus 10
Antwortstatistiken
Tore Nationalität Verein Spieler % Korrekt
17 Argentinien Olympique Lyon Lisandro López
86%
14 Brasilien Paris Saint-Germain Nenê
71%
15 Elfenbeinküste OSC Lille Gervinho
57%
16 Frankreich Nizza/Marseille Loïc Rémy
29%
25 Senegal OSC Lille Moussa Sow
29%
22 Portugal FC Lorient Kevin Gameiro
14%
17 Frankreich FC Valenciennes Grégory Pujol
0%
15 Nigeria FC Sochaux Ideye Brown
0%
15 Mali FC Sochaux Modibo Maïga
0%
17 Marokko SM Caen Youssef El-Arabi
0%
Keine übereinstimmenden Quizze gefunden
Verteilung der Resultate
Anzahl Personen mit jedem Resultat
Perzentil nach korrekt beantworteten Fragen
Ihre Resultats-Entwicklung
Sie haben dieses Quiz noch nicht gespielt